000 00374nam a2200145Ia 4500
008 240624s9999 xx 000 0 und d
041 _aeng
082 _a658.56 MAJ
100 _aMAJUMDAR RAMANUJ
245 _aPRODUCT MANAGEMENT IN INDIA
250 _a(2nd ed.)
260 _c2005
_aNew Delhi
_bPrentice-Hall of India
300 _axvi, : 347 : p. : cm. ; 24
365 _cRS
999 _c5342
_d5342